Prueba de Myanmar - Estadísticas

Estadísticas generales
  • Esta prueba ha sido intentada 699 veces
  • La puntuación promedio es 13 de 21
Estadísticas de respuestas
Pista Respuesta % Correcto
Otro nombre para Myanmar Birmania
96%
País limítrofe China
95%
País limítrofe India
95%
País europeo que colonizó Myanmar Reino Unido
93%
País limítrofe Tailandia
93%
País limítrofe Bangladés
91%
País limítrofe Laos
89%
La religión dominante Budismo
88%
La religión del perseguido grupo étnico Rohingya Islam
79%
País que invadió Myanmar en 1942 Japón
75%
Myanmar es uno de los tres países que no utilizan oficialmente este sistema (los otros son los Estados Unidos y Liberia) Sistema Métrico
66%
Capital de Myanmar Naipyidó
65%
Myanmar se encuentra en esta bahía oceánica Bahía de {Bengala}
60%
Palabra, empezando por P, que describe ciertos tipos de edificios de templos en muchos países asiáticos, incluyendo Myanmar Pagoda
49%
La ciudad más poblada Rangún
44%
También bordea este mar Mar de {Andamán}
29%
Palabra, empezando por J, que se refiere a una camarilla militar gobernante como la que gobernó Myanmar de 1988 a 2011 Junta
27%
La segunda ciudad más poblada Mandalay
25%
Un líder político que estuvo bajo arresto domiciliario durante 20 años {Aung} San Suu Kyi
17%
El río principal de Myanmar Irawadi
16%
Secretario General de la ONU, 1961-71 U {Thant}
15%
No se encontraron pruebas coincidentes
Distribución de puntuación
Porcentaje de gente con cada puntuación
Porcentaje por número respondido
Historial de tus puntuaciones
No has intentado esta prueba.